000 00281nam a2200109Ia 4500
005 20251222144733.0
008 251222s9999||||xx |||||||||||||| ||spa||
082 _a352.148.5/C78
245 0 _aMunicipal Scorecard 2008:
264 _bInternational Finance Corpotaration
942 _cLIB
999 _c18650
_d18650